000 01585cam a22004094a 4500
001 15776684
003 OSt
005 20230915113036.0
008 090612s2010 paua b 001 0 eng
010 _a 2009024494
016 7 _a101508024
_2DNLM
020 _a9780781797726
020 _a0781797721
035 _a(OCoLC)ocn403361985
040 _aDNLM/DLC
_cDLC
_dBTCTA
_dNLM
_dZQP
_dCDX
_dDLC
042 _apcc
050 0 0 _aGV428.7
_b.A47 2010
060 0 0 _a2010 B-555
060 1 0 _aQT 255
_bA1873 2010
082 0 0 _a613.71
_bAME/A
245 0 0 _aACSM's resources for the personal trainer.
246 3 0 _aResources for the personal trainer
250 _a3rd ed.
260 _aPhiladelphia :
_bAmerican College of Sports Medicine :
_bWolters Kluwer/Lippincott Williams & Wilkins,
_cc2010.
300 _axv, 544 p. :
_bcol. ill. ;
_c29 cm.
504 _aIncludes bibliographical references and index.
650 0 _aPersonal trainers.
650 0 _aPhysical education and training.
650 1 2 _aPhysical Education and Training.
650 2 2 _aExercise
_xphysiology.
710 2 _aAmerican College of Sports Medicine
_99471
856 4 2 _3Publisher description
_uhttp://www.loc.gov/catdir/enhancements/fy1012/2009024494-d.html
856 4 1 _3Table of contents only
_uhttp://www.loc.gov/catdir/enhancements/fy1012/2009024494-t.html
906 _a7
_bcbc
_corignew
_d1
_eecip
_f20
_gy-gencatlg
942 _2ddc
_cBK
_h613.71
_iAME/A
_k613.71
_mAME/A
999 _c42498
_d42498